000 00737cam a22002533a 4500
001 5315
003 PGUSA
005 20140828083118.0
008 040301s2004||||xxu|||||s|||||000 1 eng d
040 _aPGUSA
_beng
042 _adc
050 4 _aPR
100 1 _aMundy, Talbot,
_d1879-1940
245 1 0 _aTold in the East
_h[electronic resource] /
_cTalbot Mundy
260 _bProject Gutenberg,
_c2004
505 0 _aHookum hai -- For the salt which he had eaten -- Mac Hassan Ah.
506 _aPublic domain in the USA.
516 _aElectronic text
653 _aBritish -- India -- Fiction
653 _aIndia -- Fiction
830 0 _aProject Gutenberg
_v5315
856 4 0 _uhttp://www.gutenberg.org/ebooks/5315
942 _cEB
999 _c234644
_d234644